| 000 | 00515nam a22002051a 4500 | ||
|---|---|---|---|
| 001 | 2721 | ||
| 003 | OSt | ||
| 005 | 20260204211823.0 | ||
| 008 | 040322s1984||||mx ||||||b||||||||||spa|| | ||
| 020 | _a9681802934 | ||
| 050 | _a630 B434d | ||
| 082 | _a630 B434d | ||
| 100 | _aBeneke, Raymond R. | ||
| 245 | _aDirección y administración de granjas / Raymond R. Bebeke | ||
| 264 | _aMéxico : Limusa | ||
| 300 | _a550 p. | ||
| 500 | _aIncluye indice | ||
| 650 | _a1.Administración AgrícolaÌ | ||
| 942 |
_2ddc _cBK |
||
| 999 |
_c2721 _d2721 |
||